La justificación del razonamiento inductivo (Registro nro. 57742)

Detalles MARC
000 -ENCABEZADO
Número de control [NR] 00968nam a2200277Ia 4500
005 - FECHA Y HORA DE LA ÚLTIMA TRANSACCIÓN
control field 20211111075643.0
008 - DE LONGITUD FIJA DE DATOS DE ELEMENTOS - INFORMACIÓN GENERAL
Elementos de longitud fija [NR] 130821s1976 sp gr spa
020 ## - NUMERO INTERNACIONAL NORMALIZADO PARA LIBROS [R]
Número Internacional Normalizado del libro [NR] 8420621609
040 ## - FUENTE DE CATALOGACION [NR]
Agencia de catalogación original [NR] Co-BoUCM
Idioma de catalogación [NR] spa
041 00 - CODIGO DE IDIOMA [R]
Código de idioma para texto/pista de sonido o título separado [R] Español
100 1# - ASIENTO PRINCIPAL--NOMBRE PERSONAL [NR]
Nombre personal [NR] Russell, Bertrand
Fechas asociadas con el nombre [NR] 1872-1970
ID Autoridad 64519
245 13 - MENCION DE TITULO [NR]
Título [NR] La justificación del razonamiento inductivo
Mención de responsabilidad, etc. [NR] Russell, Bertrand, Salmon, Max Black ; versión española de Eulalia Perez Sedeno
260 ## - PUBLICACION, DISTRIBUCION, ETC. (PIE DE IMPRENTA) [R]
Lugar de publicación, distribución, etc. [R] Madrid (España)
Nombre del editor, distribuidor, etc. [R] Alianza
Fecha de publicación, distribución, etc. [R] 1976
300 ## - DESCRIPCION FISICA [R]
Extensión [R] 218 páginas
490 #0 - MENCION DE SERIE [R]
Mención de serie [R] Alianza Universidad
Designación numérica/secuencial del volumen [NR] 160
650 04 - ASIENTO SECUNDARIO DE MATERIA - TERMINO TEMATICO [R]
Término temático o nombre geográfico como elemento de entrada [NR] Filosofía moderna
9 (RLIN) 15835
650 04 - ASIENTO SECUNDARIO DE MATERIA - TERMINO TEMATICO [R]
Término temático o nombre geográfico como elemento de entrada [NR] Filosofía
9 (RLIN) 75
650 04 - ASIENTO SECUNDARIO DE MATERIA - TERMINO TEMATICO [R]
Término temático o nombre geográfico como elemento de entrada [NR] Inducción (Lógica)
9 (RLIN) 17365
650 04 - ASIENTO SECUNDARIO DE MATERIA - TERMINO TEMATICO [R]
Término temático o nombre geográfico como elemento de entrada [NR] Inferencia (Lógica)
9 (RLIN) 17563
700 1# - ASIENTO SECUNDARIO - NOMBRE PERSONAL [R]
Nombre personal [NR] Black, Max
Fechas asociadas con el nombre [NR] 1909-
9 (RLIN) 164518
700 1# - ASIENTO SECUNDARIO - NOMBRE PERSONAL [R]
Nombre personal [NR] Pérez Sedeño, Eulalia
Término de relación [R]
9 (RLIN) 131392
700 1# - ASIENTO SECUNDARIO - NOMBRE PERSONAL [R]
Nombre personal [NR] Salmon, Wesley C.
9 (RLIN) 95080
700 1# - ASIENTO SECUNDARIO - NOMBRE PERSONAL [R]
Nombre personal [NR] Swinburne, Richard
Término de relación [R]
9 (RLIN) 69897
942 ## - ELEMENTOS DE ENTRADA AGREGADOS (KOHA)
Tipo de ítem principal el descrito en 300a Libro
Sistema de clasificación DEWEY
Tema principal Filosofía
Edición 1
Clasificación 161
Parte restante de la signatura top. R961j
Existencias
Fecha de último préstamo Total préstamos Signatura topográfica Código de barras Última vez visto Ejemplar Price effective from Tipo de ítem Perdido Sistema de clasificación Dañado No prestable Tipo de ítem específico Suprimido Ubicación habitual Ubicación actual Localización Fecha de creación Forma de adquisición Costo
04/11/2008   161 R961j 100093986 05/12/2025 Ej.1 03/02/2013 Libro   DEWEY     Libro   Claustro Claustro 2do piso 28/02/2013 Compra 20500.00